| 000 | 00900nam a2200289 i 4500 | ||
|---|---|---|---|
| 001 | 20218 | ||
| 003 | BD-RjUL | ||
| 005 | 20211209000533.0 | ||
| 008 | 140227r19611958nyu b 000 p eng | ||
| 035 | _a(BD-RjUL)20280 | ||
| 040 |
_aDLC _cDLC _dDLC _dBD-RjUL _beng |
||
| 041 | 0 | _aengfre | |
| 082 | 0 | 0 |
_a841.912 _bSAS 1958 |
| 100 | 2 |
_aSaint-John Perse, _d1887-1975. _962314 |
|
| 245 | 1 | 0 |
_aSeamarks / _cSt.-John Perse [i.e. A. S.-L. Léger] ; translation by Wallace Fowlie. |
| 250 | _aBilingual, 2d ed. | ||
| 260 |
_aNew York : _bPublished for Bollingen Foundation by Pantheon Books, _c1958. |
||
| 300 |
_a239 p. ; _c24 cm. |
||
| 500 | _aTranslation of Amers. | ||
| 504 | _aBibliography: p. 237-238. | ||
| 650 |
_aBilingual language books. _962316 |
||
| 942 |
_2ddc _cBK |
||
| 999 |
_c20218 _d20218 |
||